Géographie de l'Europe par lettre - O - Statistiques

Statistiques générales
  • Ce quiz a été pris 268 fois
  • Le résultat moyen est 10 sur 20
Statistiques - réponses
Indice Réponse % Correct
Capitale norvégienne Oslo
98%
Grand aéroport parisien Orly
95%
Université anglaise réputée Oxford
93%
Les dieux grecs antiques siègent au-dessus de cette montagne Mont {Olympe}
90%
Chaîne de montagne séparant l'Europe de l'Asie au niveau de la Russie Oural
90%
Animal national de la Finlande et de la Russie Ours brun
85%
Plage du débarquement {Omaha} beach
78%
Rivière française, affluent important de la Seine Oise
77%
Langues d'{Oc}
71%
Ville ukrainienne, important port sur la mer Noire Odessa
64%
Familles de langues séparants traditionellement la France en deux Langues d'{Oïl}
59%
Nom des subdivisions les plus importantes d'Ukraine et parfois de Russie Oblasts
43%
Fleuve marquant le nord de la frontière entre l'Allemagne et la Pologne Oder
24%
Ville du nord de la Finlande, la cinquième plus peuplée du pays Oulu
14%
Détroit séparant la Suède du Danemark Détroit de l'{{Øresund}
12%
Famille de trois langues, à laquelle appartient le hongrois Langues {ougriennes}
8%
Sixième plus grande ville de Suède Örebro
7%
Île suédoise de la baltique, faisant face à Kalmar Öland
6%
Petite voïvodie de Silésie, à forte minorité allemande Opole
3%
Province néerlandaise Overijssel
2%
Aucun quiz correspondant
Distribution des résultats
% des personnes avec chaque résultat
Percentile par nombre de réponses
Votre historique - résultats
Vous n’avez pas pris ce quiz